La iguanita azul / (Registro nro. 7389)
[ vista simple ]
| 000 -LEADER | |
|---|---|
| fixed length control field | 00737nam a2200241 a 4500 |
| 001 - CONTROL NUMBER | |
| control field | 000044298 |
| 003 - CONTROL NUMBER IDENTIFIER | |
| control field | DO-SdBNP |
| 005 - DATE AND TIME OF LATEST TRANSACTION | |
| control field | 20150213132656.0 |
| 007 - PHYSICAL DESCRIPTION FIXED FIELD--GENERAL INFORMATION | |
| fixed length control field | 000044298 |
| 008 - FIXED-LENGTH DATA ELEMENTS--GENERAL INFORMATION | |
| fixed length control field | 140613s2013 dr a 000 0 spa d |
| 040 ## - CATALOGING SOURCE | |
| Original cataloging agency | BPMET |
| Language of cataloging | spa |
| Transcribing agency | BPMET |
| 100 1# - MAIN ENTRY--PERSONAL NAME | |
| Personal name | Veloz Maggiolo, Marcio |
| 245 13 - TITLE STATEMENT | |
| Title | La iguanita azul / |
| Statement of responsibility, etc. | Marcio Veloz Maggiolo ; ilustraciones verouschka Freixas. |
| 260 ## - PUBLICATION, DISTRIBUTION, ETC. (IMPRINT) | |
| Place of publication, distribution, etc. | Santo Domingo : |
| Name of publisher, distributor, etc. | Santillana, |
| Date of publication, distribution, etc. | 2013. |
| 300 ## - PHYSICAL DESCRIPTION | |
| Extent | 49 p. ; |
| Dimensions | 20 cm. |
| 490 1# - SERIES STATEMENT | |
| Series statement | Afaguara infantil |
| 700 12 - ADDED ENTRY--PERSONAL NAME | |
| Personal name | Freixas, verouschka |
| Relator term | il. |
| 830 #0 - SERIES ADDED ENTRY--UNIFORM TITLE | |
| Uniform title | Afaguara infantil |
| 930 #1 - EQUIVALENCE OR CROSS-REFERENCE-UNIFORM TITLE HEADING [LOCAL, CANADA] | |
| Language of a work | BND01 |
| Medium of performance for music | LF1 |
| Field link and sequence number | 20140613 |
| Date of a work | 01 |
| Name of part/section of a work | CT |
| Miscellaneous information | 45196 |
| 942 ## - ADDED ENTRY ELEMENTS (KOHA) | |
| Source of classification or shelving scheme | Dewey Decimal Classification |
| Koha item type | Libros |
| 956 ## - LOCAL ELECTRONIC LOCATION AND ACCESS (OCLC) | |
| Host name | DGARCIA |
| Access number | 10 |
| Compression information | 20140613 |
| Logon | BND01 |
| Processor of request | 0844 |
| 956 ## - LOCAL ELECTRONIC LOCATION AND ACCESS (OCLC) | |
| Host name | VMATEO |
| Access number | 10 |
| Compression information | 20140613 |
| Logon | BND01 |
| Processor of request | 0940 |
| Withdrawn status | Lost status | Source of classification or shelving scheme | Damaged status | Not for loan | Collection code | Home library | Current library | Date acquired | Total Checkouts | Barcode | Date last seen | Copy number | Price effective from | Koha item type |
|---|---|---|---|---|---|---|---|---|---|---|---|---|---|---|
| Dewey Decimal Classification | Biblioteca Pública Metropolitana Salomé Ureña | Biblioteca Pública Metropolitana Salomé Ureña | 02/13/2015 | BPMET15041197 | 02/13/2015 | 1 ej. | 02/13/2015 | Libros |